00949nam a2200217 a 450000100100000000500170001000800410002704000250006808200200009310000360011324500560014926000510020530000220025665000280027865000310030604900090033795201310034695201170047795201220059499900150071600000970420240412074212.0091001s1975 dr 000 p spa d aDO-SdBNPbspacBNPHU aRD861.44bB171p1 aBalaguer, Ramón Emilio92459910aPensamientos poéticos /cRamón Emilio Balaguer. aSanto Domingo :bPro- Cultura Nacional,c1975. a[28 p.] :b21 cm. 0aPoesía dominicana966 0aLiteratura dominicana.967 aBNPD 001054708DSaGRbGRcCTd2009-10-01iLF1l0oRD861.44 B171pp9704-30r2020-06-25te.3w2020-06-25yLFDSZPréstamo en sala 0010718PDaPDbPDcCTd2009-10-01iLF1l0oRD861.44 B171pp9704-10r2020-06-25w2020-06-25yLFPDZNo se presta 0010718PDaPDbPDcCTd2009-10-01iLF1l0oRD861.44 B171pp9704-20r2020-06-25te.2w2020-06-25yLFPDZNo se presta c9464d9464